<?xml version="1.0" encoding="UTF-8"?>
<record
    xmlns:xsi="http://www.w3.org/2001/XMLSchema-instance"
    xsi:schemaLocation="http://www.loc.gov/MARC21/slim http://www.loc.gov/standards/marcxml/schema/MARC21slim.xsd"
    xmlns="http://www.loc.gov/MARC21/slim">

  <leader>03240nam a2200397   4500</leader>
  <controlfield tag="001">ESSALUD</controlfield>
  <controlfield tag="005">20260702153024.0</controlfield>
  <controlfield tag="007">ta</controlfield>
  <controlfield tag="008">      t        pe ||||| |||| 00| 0 spa d</controlfield>
  <datafield tag="040" ind1=" " ind2=" ">
    <subfield code="a">BMG</subfield>
  </datafield>
  <datafield tag="041" ind1=" " ind2=" ">
    <subfield code="a">spa</subfield>
  </datafield>
  <datafield tag="100" ind1=" " ind2=" ">
    <subfield code="a">Lara Arnao, Ruth Jaqueline</subfield>
    <subfield code="e">Autor</subfield>
    <subfield code="9">47585</subfield>
  </datafield>
  <datafield tag="245" ind1=" " ind2=" ">
    <subfield code="a">Incrementos en los derechos y beneficios laborales de los trabajadores de construcci&#xF3;n civil</subfield>
    <subfield code="b">Implicancias a ra&#xED;z de los reajustes del Acta Final de Negociaci&#xF3;n Colectiva 2026</subfield>
  </datafield>
  <datafield tag="246" ind1=" " ind2=" ">
    <subfield code="a">Increases in the rights and labor benefits of civil construction workers</subfield>
    <subfield code="b">Implications arising from the adjustments of the Final Act of Collective Bargaining 2026</subfield>
  </datafield>
  <datafield tag="300" ind1=" " ind2=" ">
    <subfield code="a">p&#xE1;ginas 150-168</subfield>
  </datafield>
  <datafield tag="520" ind1=" " ind2=" ">
    <subfield code="a">El presente informe tiene por finalidad analizar las principales implicancias de la "Convenci&#xF3;n Colectiva de Trabajo - Acta Final de Negociaci&#xF3;n Colectiva en Construcci&#xF3;n Civil 2026", suscrita mediante trato directo entre la C&#xE1;mara Peruana de la Construcci&#xF3;n (CAPECO) y la Federaci&#xF3;n de Trabajadores en Construcci&#xF3;n Civil (FTCC). Dicho instrumento colectivo establece diversos incrementos y mejoras en los beneficios laborales de los trabajadores del sector, principalmente en lo referido al jornal b&#xE1;sico, el pago de la asignaci&#xF3;n especial por labores realizadas en d&#xED;as feriados, la bonificaci&#xF3;n por trabajos en altura, la bonificaci&#xF3;n escolar, la bonificaci&#xF3;n por trabajos ejecutados en condiciones de altas temperaturas en infraestructura vial, el Fondo de Capacitaci&#xF3;n, as&#xED; como la creaci&#xF3;n de la Comisi&#xF3;n Permanente de la Industria de la Construcci&#xF3;n.</subfield>
  </datafield>
  <datafield tag="520" ind1=" " ind2=" ">
    <subfield code="a">This report alms to analyze the main implications of the "Collective Labor Agreement - Final
Record of Collective Bargaining in Civil Construction 2026", executed through direct negotiation between
the Peruvian Chamber of Construction (CAPECO) and the Federation of Workers in Civil Construction
(FTCC). This collective instrument establishes various increases and improvements in labor benefits for
workers in the sector, particularly with regard to the basic daily wage, the payment of a special allowance
for work performed on public holidays, the height work bonus, the school allowance, the bonus for work
carried out under high-temperature conditions in road infrastructure projects, the Training Fund, as well
as the creation of the Permanent Commission of the Construction Industry.
</subfield>
  </datafield>
  <datafield tag="650" ind1=" " ind2=" ">
    <subfield code="a">CONVENIO COLECTIVO 2026 </subfield>
    <subfield code="9">53197</subfield>
  </datafield>
  <datafield tag="650" ind1=" " ind2=" ">
    <subfield code="a">JORNAL B&#xC1;SICO </subfield>
    <subfield code="9">53198</subfield>
  </datafield>
  <datafield tag="650" ind1=" " ind2=" ">
    <subfield code="a">BENEFICIOS</subfield>
    <subfield code="9">53199</subfield>
  </datafield>
  <datafield tag="650" ind1=" " ind2=" ">
    <subfield code="a">TRABAJO EN FERIADO </subfield>
    <subfield code="9">53200</subfield>
  </datafield>
  <datafield tag="650" ind1=" " ind2=" ">
    <subfield code="a">DERECHO DE ALTURA </subfield>
    <subfield code="9">53201</subfield>
  </datafield>
  <datafield tag="650" ind1=" " ind2=" ">
    <subfield code="a">ASIGNACI&#xD3;N ESCOLAR </subfield>
    <subfield code="9">53202</subfield>
  </datafield>
  <datafield tag="650" ind1=" " ind2=" ">
    <subfield code="a">FONDO DE CAPACITACI&#xD3;N </subfield>
    <subfield code="9">53203</subfield>
  </datafield>
  <datafield tag="650" ind1=" " ind2=" ">
    <subfield code="a">COMISI&#xD3;N PERMANENTE</subfield>
    <subfield code="9">53204</subfield>
  </datafield>
  <datafield tag="650" ind1=" " ind2=" ">
    <subfield code="a">COLLECTIVE AGREEMENT 2026 </subfield>
    <subfield code="9">53205</subfield>
  </datafield>
  <datafield tag="650" ind1=" " ind2=" ">
    <subfield code="a">BASIC DAILY WAGE </subfield>
    <subfield code="9">53206</subfield>
  </datafield>
  <datafield tag="650" ind1=" " ind2=" ">
    <subfield code="a">BENEFITS</subfield>
    <subfield code="9">53207</subfield>
  </datafield>
  <datafield tag="650" ind1=" " ind2=" ">
    <subfield code="a">WORK ON PUBLIC HOLIDAYS </subfield>
    <subfield code="9">53208</subfield>
  </datafield>
  <datafield tag="650" ind1=" " ind2=" ">
    <subfield code="a">HEIGHT WORK</subfield>
    <subfield code="9">53209</subfield>
  </datafield>
  <datafield tag="650" ind1=" " ind2=" ">
    <subfield code="a">SCHOOL ALLOWANCE</subfield>
    <subfield code="9">53210</subfield>
  </datafield>
  <datafield tag="650" ind1=" " ind2=" ">
    <subfield code="a">TRAINING FUND </subfield>
    <subfield code="9">53211</subfield>
  </datafield>
  <datafield tag="650" ind1=" " ind2=" ">
    <subfield code="a">PERMANENT COMMISSION</subfield>
    <subfield code="9">53212</subfield>
  </datafield>
  <datafield tag="773" ind1="0" ind2=" ">
    <subfield code="0">22614</subfield>
    <subfield code="9">22623</subfield>
    <subfield code="d">Lima Grupo Praxis Formaci&#xF3;n Profesional, 2026-</subfield>
    <subfield code="o">PRALAB001</subfield>
    <subfield code="t">Praxis Laboral &amp; Procesal Laboral</subfield>
    <subfield code="w">ESSALUD</subfield>
    <subfield code="x">3119-768X</subfield>
  </datafield>
  <datafield tag="942" ind1=" " ind2=" ">
    <subfield code="c">ARTICULOS</subfield>
    <subfield code="e">2026-07-02</subfield>
    <subfield code="z">SQB</subfield>
  </datafield>
  <datafield tag="999" ind1=" " ind2=" ">
    <subfield code="c">22627</subfield>
    <subfield code="d">22627</subfield>
  </datafield>
</record>
